000 00547nam a2200181Ia 4500
003 GCL
008 140319s9999 xx 000 0 ara d
040 _aGCL /
_cGCL
082 0 4 _a621.38
_bع ث
100 1 _aعلى السيد بلال
245 1 0 _aالثقافة الاليكترونية لهواة الراديو والتليفزيون /
_cعلى السيد بلال
300 _a163 ص
490 _a
650 0 4 _aالاجهزة الالكترونية
650 0 4 _aالتليفزيون
650 0 4 _aالاذاعة
942 _2ddc
_cBK
999 _c43964
_d43964